[Event "Rheinland Pfalz op 2nd"]
[Site "Schweich"]
[Date "2010.07.17"]
[Round "4"]
[White "Schlegel, Bianca"]
[Black "Kirmeir, Andreas"]
[Result "0-1"]
[WhiteElo "1158"]
[BlackElo "1826"]
[PlyCount "78"]
[EventDate "2010.07.16"]
[EventType "swiss"]
[EventRounds "7"]
[EventCountry "GER"]
[SourceTitle "EXT 2012"]
[Source "ChessBase"]
[SourceDate "2011.11.24"]
[SourceVersion "1"]
[SourceVersionDate "2011.11.24"]
[SourceQuality "1"]

1. e4 g6 2. g3 b6 3. Bg2 Bb7 4. d3 Bg7 5. Nf3 d6 6. 0-0 Nd7 7. Nbd2 e6 8. c3 Ne7 9. Re1 a5 10. Qa4 Bc6 11. Qa3 0-0 12. Nc4 h6 13. e5 d5 14. Ncd2 Bb7 15. d4 c5 16. c4 cxd4 17. cxd5 Bxd5 18. Ne4 Nc6 19. Qd6 Ndxe5 20. Qxd8 Nxf3+ 21. Bxf3 Raxd8 22. Bf4 Ne5 23. Kg2 Nxf3 24. Kxf3 e5 25. Bd2 f5 26. Kg2 fxe4 27. b4 e3+ 28. Kf1 Bc4+ 29. Kg1 exf2+ 30. Kg2 fxe1Q 31. Rxe1 e4 32. bxa5 e3 33. Bb4 Rf2+ 34. Kg1 bxa5 35. Bxa5 Ra8 36. Bb6 Raxa2 37. Bxd4 Rg2+ 38. Kh1 Rxh2+ 39. Kg1 Rag2# 0-1